Coltman Precast Concrete Limited v W & J Simons (Contractors) Limited (Record no. 40749)

MARC details
000 -LEADER
fixed length control field 01655cab a2200241 4500
001 - CONTROL NUMBER
control field ABS48176
008 - FIXED-LENGTH DATA ELEMENTS--GENERAL INFORMATION
fixed length control field 090401t1993 xxu||||| |||| 00| 0 eng d
035 ## - SYSTEM CONTROL NUMBER
System control number (Sirsi) u65345
041 ## - LANGUAGE CODE
Language code of text/sound track or separate title eng
245 ## - TITLE STATEMENT
Title Coltman Precast Concrete Limited v W & J Simons (Contractors) Limited
260 ## - PUBLICATION, DISTRIBUTION, ETC.
Date of publication, distribution, etc. 1993
350 ## - PRICE (NR) (BK AM CF MU VM SE) [OBSOLETE]
Price 0
490 ## - SERIES STATEMENT
Series statement Construction Industry Law Letter
Volume/sequential designation 1993 CILL 814-816(3)
520 ## - SUMMARY, ETC.
Summary, etc. QBD 18 January 1993. S were main contractors for a new stand at a cricket club. The contract was JCT Private Without Quantities Standard Form, 1980 edition. C were nominated subcontractors to supply and fix re-cast concrete decking units. The intention was to complete the appropriate forms of nominated subcontract agreements but, as often happens, C did not return the subcontract duly signed. S waived the stipulation stating that `this order will only become valid after we have received a signed copy of the subcontract` and relations were taken to be governed by standard forms. A sub-subcontractor, W, was engaged by C to carry out mastic jointing of the precast concrete units. This gave rise to allegations of defective work and a letter from S to C demanded £22,000 and threatened to initiate arbitration proceedings if the demand was not met. C issued a writ against S demanding £2,373 for retention monies and an alleged underpayment of £119. S applied for arbitration. The court ordere
650 ## - SUBJECT ADDED ENTRY--TOPICAL TERM
Topical term or geographic name entry element DEFECTIVE WORK
650 ## - SUBJECT ADDED ENTRY--TOPICAL TERM
Topical term or geographic name entry element NEGLIGENCE
650 ## - SUBJECT ADDED ENTRY--TOPICAL TERM
Topical term or geographic name entry element NOMINATED SUBCONTRACTORS
650 ## - SUBJECT ADDED ENTRY--TOPICAL TERM
Topical term or geographic name entry element SUB-SUBCONTRACTORS
650 ## - SUBJECT ADDED ENTRY--TOPICAL TERM
Topical term or geographic name entry element SUBCONTRACTORS
690 ## - LOCAL SUBJECT ADDED ENTRY--TOPICAL TERM (OCLC, RLIN)
Topical term or geographic name as entry element BUILDING AND CONSTRUCTION-CASE LAW
942 ## - ADDED ENTRY ELEMENTS (KOHA)
Suppress in OPAC 0
948 ## - LOCAL PROCESSING INFORMATION (OCLC); SERIES PART DESIGNATOR (RLIN)
c (OCLC) 04/03/1997
Holdings
Withdrawn status Lost status Source of classification or shelving scheme Damaged status Not for loan Home library Current library Shelving location Date acquired Total Checkouts Full call number Barcode Date last seen Copy number Price effective from Koha item type
    Dewey Decimal Classification     London London Journal article 14/09/1999   ABS48176 65345-1001 06/08/2019 1 06/08/2019 Law report